Biggest Cities on Sicily - Statistics

General Stats
  • This quiz has been taken 107 times
  • The average score is 4 of 5
Answer Stats
Population City % Correct
637,745 Palermo
100%
313,396 Catania
95%
236,932 Messina
87%
122,031 Syracuse
84%
88,232 Marsala
45%
No matching quizzes found
Score Distribution
Percent of People with Each Score
Percentile by Number Answered
Your Score History
You have not taken this quiz